[Event "Cairo Al Ain op"]
[Site "Cairo"]
[Date "2023.12.02"]
[Round "9"]
[White "Sameeh, Hany"]
[Black "Ghaith, Saeed Alnuaimi"]
[Result "1-0"]
[WhiteElo "2026"]
[BlackElo "1746"]
[PlyCount "125"]
[EventDate "2023.11.27"]
[EventType "swiss"]
[EventRounds "10"]
[EventCountry "EGY"]
[SourceTitle "CB49_2023"]
[SourceDate "2023.12.06"]
[SourceVersion "1"]
[SourceVersionDate "2023.12.06"]
[SourceQuality "1"]

1. e4 c5 2. Nf3 e6 3. d4 cxd4 4. Nxd4 Nf6 5. Nc3 Nc6 6. Ndb5 Bb4 7. a3 Bxc3+ 8. Nxc3 d5 9. exd5 exd5 10. Bd3 0-0 11. 0-0 d4 12. Ne2 Bg4 13. h3 Bh5 14. Qd2 Re8 15. Nf4 Bg6 16. Nxg6 hxg6 17. b4 Qd6 18. Qf4 Qe5 19. Bd2 Nd5 20. Qf3 Qd6 21. Rfe1 Ne5 22. Qg3 Re6 23. Re4 Nf6 24. Ree1 Nh5 25. Qh4 Nxd3 26. cxd3 Rae8 27. Rxe6 Rxe6 28. Qg4 Nf6 29. Qf3 Qc6 30. Qxc6 Rxc6 31. Rc1 Rxc1+ 32. Bxc1 Kf8 33. Bb2 Nd5 34. Bxd4 Nf4 35. Bxa7 Nxd3 36. Kf1 Ke7 37. Bd4 Kd6 38. g3 Ne5 39. Ke2 Nc4 40. a4 f6 41. Kd3 Kd5 42. h4 Nd6 43. g4 Ne4 44. b5 Nd6 45. f3 Nf7 46. Bb2 Nd8 47. Ba3 Ne6 48. Be7 Nf4+ 49. Kc3 Ng2 50. h5 gxh5 51. gxh5 Nh4 52. Bf8 Nxf3 53. Bxg7 Ng5 54. Kb4 f5 55. Bh6 Ne6 56. Bd2 Kd6 57. h6 Nf8 58. Bf4+ Kd7 59. Ka5 Kc8 60. Kb6 Nd7+ 61. Ka7 Nf6 62. Be5 Nh7 63. a5 1-0

[Event "Cairo Al Ain op"]
[Site "Cairo"]
[Date "2023.11.30"]
[Round "6"]
[White "Ghaith, Saeed Alnuaimi"]
[Black "Ahmed Salah, Ali"]
[Result "1-0"]
[WhiteElo "1746"]
[BlackElo "1288"]
[PlyCount "117"]
[EventDate "2023.11.27"]
[EventType "swiss"]
[EventRounds "10"]
[EventCountry "EGY"]
[SourceTitle "CB49_2023"]
[SourceDate "2023.12.06"]
[SourceVersion "1"]
[SourceVersionDate "2023.12.06"]
[SourceQuality "1"]

1. Nf3 d5 2. b3 c5 3. e3 Nf6 4. Bb2 Nbd7 5. Be2 e6 6. c4 b6 7. cxd5 Nxd5 8. 0-0 Bb7 9. d4 N5f6 10. a3 Be7 11. dxc5 Nxc5 12. Bb5+ Kf8 13. b4 Nce4 14. Qe2 Kg8 15. Rd1 Nd6 16. Nc3 Nd5 17. Nxd5 Bxd5 18. e4 Bxe4 19. Rxd6 Qxd6 20. Qxe4 Rd8 21. Qg4 f6 22. Bc4 h5 23. Qh3 b5 24. Qxe6+ Qxe6 25. Bxe6+ Kh7 26. Nd4 g6 27. Nxb5 Rd2 28. Bc3 Rdd8 29. g3 a6 30. Nd4 Rd6 31. Bb3 Rc8 32. Bb2 Rb8 33. Re1 Rb7 34. Kg2 Bf8 35. Ne6 Bg7 36. Nxg7 Kxg7 37. Re8 a5 38. a4 Rxb4 39. Ba3 Rxb3 40. Bxd6 Rd3 41. Bc7 Rd4 42. Bxa5 Rxa4 43. Bd2 Ra7 44. Be3 Rd7 45. Kf3 g5 46. Ke4 Rb7 47. Kf5 Rb5+ 48. Ke6 Ra5 49. Re7+ Kg6 50. Rc7 Re5+ 51. Kd6 Re8 52. Bd4 Rd8+ 53. Kc5 Ra8 54. Rc6 Rf8 55. h3 Rf7 56. g4 h4 57. Rxf6+ Rxf6 58. Bxf6 Kxf6 59. Kd6 1-0

[Event "Asia-ch Amateur"]
[Site "Dubai"]
[Date "2023.09.01"]
[Round "7"]
[White "Khazhatuly, Alikhan"]
[Black "Ghaith, Saeed Alnuaimi"]
[Result "1-0"]
[WhiteElo "1895"]
[BlackElo "1751"]
[PlyCount "135"]
[EventDate "2023.08.28"]
[EventType "swiss"]
[EventRounds "9"]
[EventCountry "UAE"]
[SourceTitle "EXT 2024"]
[Source "ChessBase"]
[SourceDate "2023.10.10"]
[SourceVersion "1"]
[SourceVersionDate "2023.10.10"]
[SourceQuality "1"]

1. e4 c5 2. Nf3 Nc6 3. d4 cxd4 4. Nxd4 Nf6 5. Nc3 e6 6. Ndb5 Bb4 7. Nd6+ Ke7 8. Nxc8+ Rxc8 9. Bd3 Re8 10. Bd2 Kf8 11. a3 Be7 12. 0-0 Kg8 13. Re1 d6 14. Be3 a6 15. Qd2 Ne5 16. Rad1 Neg4 17. Bd4 e5 18. Be3 Nxe3 19. Qxe3 Qc7 20. h3 h6 21. Be2 Bf8 22. Bg4 Rb8 23. Rd3 b5 24. Ra1 h5 25. Be2 g6 26. Qg5 Bg7 27. Rf3 Re6 28. Qd2 Qc6 29. Qd3 Rc8 30. Rd1 h4 31. Bf1 Nh5 32. Qd5 Qc7 33. Qd2 Qc6 34. Qd5 Qc7 35. Qd2 Bf8 36. Bd3 Ng7 37. Nd5 Qd8 38. a4 bxa4 39. Bxa6 Rc5 40. b4 axb3 41. cxb3 f5 42. Bc4 Kh7 43. Nc3 Re8 44. Rd3 Nh5 45. Rd5 Bh6 46. Qa2 Rxd5 47. Bxd5 Nf4 48. Ne2 Nxd5 49. exd5 Qb6 50. Qa4 Re7 51. Qxh4 Rb7 52. Nc1 g5 53. Qg3 Rg7 54. Qf3 Kg6 55. Ne2 e4 56. Qg3 Kf6 57. Qc3+ Kg6 58. Nd4 Rc7 59. Nc6 Bg7 60. Qg3 Qc5 61. b4 f4 62. Qg4 Qc2 63. Qe6+ Kh5 64. Re1 Rxc6 65. Qe8+ Kh4 66. g3+ fxg3 67. Rxe4+ Qxe4 68. Qxe4+ 1-0

[Event "Dubai op-B 23rd"]
[Site "Dubai"]
[Date "2023.06.01"]
[Round "6"]
[White "Chistyakova, Daria"]
[Black "Ghaith, Saeed Alnuaimi"]
[Result "0-1"]
[WhiteElo "1947"]
[BlackElo "1592"]
[PlyCount "92"]
[EventDate "2023.05.27"]
[EventType "swiss"]
[EventRounds "9"]
[EventCountry "UAE"]
[SourceTitle "CBM 214 Extra"]
[Source "ChessBase"]
[SourceDate "2023.07.31"]
[SourceVersion "1"]
[SourceVersionDate "2023.07.31"]
[SourceQuality "1"]

1. e4 c5 2. Nc3 Nc6 3. Bb5 g6 4. f4 Bg7 5. Nf3 e6 6. Bxc6 bxc6 7. 0-0 Ne7 8. d3 d5 9. Qe1 0-0 10. Kh1 Ba6 11. Na4 dxe4 12. Qxe4 Qa5 13. Rb1 c4 14. b3 cxd3 15. cxd3 Rfd8 16. Rd1 Qd5 17. Ba3 Nf5 18. Nc5 Bb5 19. Bb4 a5 20. Ba3 Nd4 21. Nxd4 Bxd4 22. Qxd5 Rxd5 23. Ne4 Bg7 24. Nf2 Rad8 25. h3 h5 26. Rbc1 h4 27. Be7 R8d7 28. Bxh4 Rh5 29. Bg3 Bd4 30. Ne4 c5 31. a4 Bc6 32. Kh2 Rb7 33. Rb1 Bd5 34. Nd2 Kg7 35. Nc4 Bxc4 36. bxc4 Rb4 37. Be1 Rxa4 38. Rb5 Rf5 39. Bd2 e5 40. Bxa5 exf4 41. Rf1 Ra2 42. Rf3 Rg5 43. h4 Rgxg2+ 44. Kh3 Rh2+ 45. Kg4 Rag2+ 46. Kxf4 Rxh4# 0-1

[Event "Dubai op-B 23rd"]
[Site "Dubai"]
[Date "2023.05.31"]
[Round "5"]
[White "Ghaith, Saeed Alnuaimi"]
[Black "Musallam Salim, Al Aamri"]
[Result "1/2-1/2"]
[WhiteElo "1592"]
[BlackElo "1743"]
[PlyCount "120"]
[EventDate "2023.05.27"]
[EventType "swiss"]
[EventRounds "9"]
[EventCountry "UAE"]
[SourceTitle "CBM 214 Extra"]
[Source "ChessBase"]
[SourceDate "2023.07.31"]
[SourceVersion "1"]
[SourceVersionDate "2023.07.31"]
[SourceQuality "1"]

1. b3 d5 2. Bb2 Bf5 3. d3 e6 4. Nd2 Nf6 5. g3 Bc5 6. Bg2 Nbd7 7. Ngf3 Qe7 8. c4 c6 9. 0-0 h6 10. Re1 0-0 11. e4 dxe4 12. dxe4 Bh7 13. h3 e5 14. Qc2 Rad8 15. Re2 Nh5 16. Kh2 f5 17. exf5 Rxf5 18. Ne4 Rf7 19. Rd1 Qf8 20. Nxe5 Nxe5 21. Rxd8 Qxd8 22. Bxe5 Qe8 23. Bc3 Re7 24. Bf3 Bg6 25. b4 Bb6 26. c5 Bc7 27. Qb3+ Kh7 28. Qc4 Qf8 29. Nd2 Rf7 30. Re3 Nf4 31. Be4 Bxe4 32. Qxe4+ Ng6 33. Rf3 Rxf3 34. Nxf3 Qf7 35. a4 Kg8 36. Kg2 Ne7 37. b5 Nd5 38. Be5 Qe6 39. Qd4 Ba5 40. Bd6 Bc3 41. Qd3 Bb4 42. bxc6 bxc6 43. Nd4 Qe8 44. Nf3 a5 45. Qf5 Qe2 46. Qf8+ Kh7 47. Qf5+ Kg8 48. Qe5 Qc2 49. Nd4 Qxa4 50. Qe8+ Kh7 51. Ne6 Bc3 52. Nf8+ Kg8 53. Qe6+ Kh8 54. Ng6+ Kh7 55. Nf8+ Kh8 56. Ng6+ Kh7 57. h4 Nf6 58. Nf8+ Kh8 59. Ng6+ Kh7 60. Nf8+ Kh8 1/2-1/2

[Event "Dubai op-B 23rd"]
[Site "Dubai"]
[Date "2023.05.27"]
[Round "1"]
[White "Ghaith, Saeed Alnuaimi"]
[Black "Sabirova, Shakhnoza"]
[Result "0-1"]
[WhiteElo "1592"]
[BlackElo "1962"]
[PlyCount "42"]
[EventDate "2023.05.27"]
[EventType "swiss"]
[EventRounds "9"]
[EventCountry "UAE"]
[SourceTitle "CBM 214 Extra"]
[Source "ChessBase"]
[SourceDate "2023.07.31"]
[SourceVersion "1"]
[SourceVersionDate "2023.07.31"]
[SourceQuality "1"]

1. b3 e5 2. Bb2 Nc6 3. c4 d6 4. e3 g6 5. Nf3 Bg7 6. d4 exd4 7. Nxd4 Nxd4 8. Bxd4 Bxd4 9. Qxd4 Qf6 10. Nc3 Qxd4 11. exd4 Bf5 12. Kd2 Nf6 13. f3 h5 14. Bd3 Bxd3 15. Kxd3 Kd7 16. Rae1 Rae8 17. Ne4 Nh7 18. g4 hxg4 19. fxg4 f5 20. gxf5 gxf5 21. Ng3 Ref8 0-1

[Event "Abu Dhabi President Cup"]
[Site "Abu Dhabi"]
[Date "2022.12.17"]
[Round "2"]
[White "Ghaith, Saeed Alnuaimi"]
[Black "Al Blooshi, Hamad Essa"]
[Result "0-1"]
[WhiteElo "1465"]
[BlackElo "1412"]
[PlyCount "62"]
[EventDate "2022.12.16"]
[EventType "swiss"]
[EventRounds "9"]
[EventCountry "UAE"]
[SourceTitle "CBM 212 Extra"]
[Source "ChessBase"]
[SourceDate "2023.03.31"]
[SourceVersion "1"]
[SourceVersionDate "2023.03.31"]
[SourceQuality "1"]

1. b3 d5 2. Bb2 c5 3. e3 Nf6 4. Nf3 Nc6 5. Bb5 Bg4 6. c4 e6 7. h3 Bh5 8. g4 Bg6 9. Ne5 Rc8 10. d4 Bd6 11. Nxg6 hxg6 12. dxc5 Bxc5 13. Nc3 dxc4 14. Qxd8+ Rxd8 15. Bxc4 Nxg4 16. Ne4 Bb4+ 17. Ke2 Nge5 18. Bb5 0-0 19. a3 Be7 20. f4 a6 21. Bxa6 bxa6 22. fxe5 Rb8 23. Nd2 Rb5 24. Rac1 Nxe5 25. a4 Rd5 26. e4 Rxd2+ 27. Kxd2 Bg5+ 28. Ke2 Bxc1 29. Rxc1 Nd7 30. Rc7 Nf6 31. Bxf6 gxf6 0-1

[Event "Wch U20 59th"]
[Site "Cala Gonone"]
[Date "2022.10.22"]
[Round "11"]
[White "Ghaith, Saeed Alnuaimi"]
[Black "Javornik, Nik"]
[Result "0-1"]
[WhiteElo "1269"]
[BlackElo "2064"]
[PlyCount "112"]
[EventDate "2022.10.12"]
[EventType "swiss"]
[EventRounds "11"]
[EventCountry "ITA"]
[SourceTitle "CBM 210 Extra"]
[Source "ChessBase"]
[SourceDate "2022.11.30"]
[SourceVersion "1"]
[SourceVersionDate "2022.11.30"]
[SourceQuality "1"]

1. d4 Nf6 2. c4 g6 3. Nc3 Bg7 4. g3 d6 5. Bg2 0-0 6. e3 e5 7. Nge2 c6 8. 0-0 Nbd7 9. b3 Nb6 10. Bb2 exd4 11. Nxd4 d5 12. cxd5 Nbxd5 13. Nxd5 Nxd5 14. Qd2 Qf6 15. Rab1 Rd8 16. Rfc1 Qd6 17. a3 Ne7 18. Qe2 Nf5 19. Nf3 Bxb2 20. Qxb2 Be6 21. Ng5 Ng7 22. Ne4 Qe7 23. Nf6+ Kh8 24. h4 Bf5 25. e4 Rd6 26. exf5 Rxf6 27. Re1 Qd8 28. Rbd1 Rd6 29. Rxd6 Qxd6 30. Bh3 Kg8 31. fxg6 hxg6 32. b4 Re8 33. Rxe8+ Nxe8 34. Bc8 Qd1+ 35. Kg2 Qd5+ 36. Kg1 Nd6 37. Bg4 Nc4 38. Qb3 Qe4 39. Bd1 Qe1+ 40. Kg2 Nd2 41. Qe3 Qxd1 42. Qe8+ Kg7 43. Qe5+ Kh7 44. Qf4 Qf1+ 45. Kh2 Qd3 46. Qxf7+ Kh6 47. Qf8+ Kh5 48. Qf4 Nf3+ 49. Kg2 Ne1+ 50. Kg1 Qf5 51. Qe3 Nf3+ 52. Kg2 Ne5 53. f3 b6 54. Qc3 Kh6 55. f4 Qe4+ 56. Kg1 Qd4+ 0-1

[Event "Wch U20 59th"]
[Site "Cala Gonone"]
[Date "2022.10.14"]
[Round "4"]
[White "Ghaith, Saeed Alnuaimi"]
[Black "Porcu, Riccardo"]
[Result "0-1"]
[WhiteElo "1269"]
[BlackElo "1759"]
[PlyCount "62"]
[EventDate "2022.10.12"]
[EventType "swiss"]
[EventRounds "11"]
[EventCountry "ITA"]
[SourceTitle "CBM 210 Extra"]
[Source "ChessBase"]
[SourceDate "2022.11.30"]
[SourceVersion "1"]
[SourceVersionDate "2022.11.30"]
[SourceQuality "1"]

1. d4 Nf6 2. c4 e6 3. Nf3 d5 4. g3 Bb4+ 5. Bd2 Be7 6. Bg2 0-0 7. 0-0 c6 8. Nc3 dxc4 9. Bf4 Nd5 10. a4 Nxf4 11. gxf4 Bd6 12. e3 a5 13. Qe2 Nd7 14. Qxc4 Nb6 15. Qd3 Nd5 16. Kh1 b6 17. Ne4 Ba6 18. Qd2 Bxf1 19. Rxf1 Be7 20. Rg1 Rc8 21. Bh3 Nf6 22. Ng3 Qd5 23. Qe2 Ne4 24. Nf1 c5 25. Bg2 Qh5 26. Ng3 Nxg3+ 27. fxg3 cxd4 28. exd4 Qf5 29. Qa6 Bf6 30. Qxb6 Rb8 31. Qxa5 Qxa5 0-1